[Event "POL-chT 2nd League"]
[Site "Jastrzebia Gora"]
[Date "2022.09.07"]
[Round "5.138"]
[White "Roclawska, Julia"]
[Black "Barczyk, Joanna"]
[Result "0-1"]
[WhiteElo "1243"]
[BlackElo "1829"]
[PlyCount "41"]
[EventDate "2022.09.03"]
[EventType "team-swiss"]
[EventRounds "9"]
[EventCountry "POL"]
[SourceTitle "CBM 210 Extra"]
[Source "ChessBase"]
[SourceDate "2022.11.30"]
[SourceVersion "1"]
[SourceVersionDate "2022.11.30"]
[SourceQuality "1"]
[WhiteTeam "Bydgoszcz Chemik"]
[BlackTeam "Krakow Cracovia"]
[WhiteTeamCountry "POL"]
[BlackTeamCountry "POL"]

1. e4 c5 2. Nf3 e6 3. d4 cxd4 4. Nxd4 a6 5. Nc3 Qc7 6. Be3 Bb4 7. Qd2 Nf6 8. f3 d5 9. Bd3 e5 10. Nde2 d4 11. Nxd4 exd4 12. Bxd4 Qd6 13. Bf2 0-0 14. a3 Ba5 15. 0-0-0 Bxc3 16. Qxc3 Qc6 17. Qd2 Nbd7 18. h4 Nc5 19. g4 Nb3+ 20. Kb1 Nxd2+ 21. Rxd2 0-1